Certificate in management accounting review. V 2 (Record no. 34802)

MARC details
000 -LEADER
fixed length control field 00288nam a2200109Ia 4500
082 ## - DEWEY DECIMAL CLASSIFICATION NUMBER
Classification number 657
Item number NEW.2
245 #0 - TITLE STATEMENT
Title Certificate in management accounting review. V 2
260 ## - PUBLICATION, DISTRIBUTION, ETC. (IMPRINT)
Place of publication SanFrancisco
Name of publisher Carfield
Year of publication 1978
700 ## - ADDED ENTRY--PERSONAL NAME
Personal name Grant W
942 ## - ADDED ENTRY ELEMENTS (KOHA)
Koha item type Books
Holdings
Withdrawn status Lost status Damaged status Not for loan Home library Current library Date acquired Cost, normal purchase price Full call number Accession Number Koha item type
        RRII Library RRII Library 16/12/2021 75.00 657 NEW.2 15229 Books